Campārana meṃ Mahātmā Gāndhī. (Record no. 81400)

MARC details
000 -LEADER
fixed length control field 00693cam a22002531 4500
001 - CONTROL NUMBER
control field sa 68006625
003 - CONTROL NUMBER IDENTIFIER
control field DLC
005 - DATE AND TIME OF LATEST TRANSACTION
control field 20260227112517.0
008 - FIXED-LENGTH DATA ELEMENTS--GENERAL INFORMATION
fixed length control field 891205s1965 ii abc 000 0 hino
010 ## - LIBRARY OF CONGRESS CONTROL NUMBER
LC control number sa 68006625
035 ## - SYSTEM CONTROL NUMBER
System control number (OCoLC)20734796
040 ## - CATALOGING SOURCE
Original cataloging agency DLC
Transcribing agency WaU
Modifying agency DLC
042 ## - AUTHENTICATION CODE
Authentication code premarc
043 ## - GEOGRAPHIC AREA CODE
Geographic area code a-ii---
050 00 - LIBRARY OF CONGRESS CALL NUMBER
Classification number HD879.C5
Item number P7
100 1# - MAIN ENTRY--PERSONAL NAME
Personal name Prasad, Rajendra,
Dates associated with a name 1884-1963.
245 10 - TITLE STATEMENT
Title Campārana meṃ Mahātmā Gāndhī.
260 ## - PUBLICATION, DISTRIBUTION, ETC.
Date of publication, distribution, etc. [1965]
300 ## - PHYSICAL DESCRIPTION
Extent 26, 374 p.
Other physical details illus., fold. map, ports.
Dimensions 20 cm.
500 ## - GENERAL NOTE
General note In Hindi.
600 10 - SUBJECT ADDED ENTRY--PERSONAL NAME
Personal name Gandhi,
Titles and other words associated with a name Mahatma,
Dates associated with a name 1869-1948.
650 #0 - SUBJECT ADDED ENTRY--TOPICAL TERM
Topical term or geographic name entry element Land tenure
Geographic subdivision India
-- Champaran.
650 #0 - SUBJECT ADDED ENTRY--TOPICAL TERM
Topical term or geographic name entry element Peasants
Geographic subdivision India
-- Champaran.

No items available.

Powered by Koha